书目信息 |
| 题名: |
数据库重构
|
|
| 作者: | 安布勒 , 塞得拉戈 著 | |
| 分册: | ||
| 出版信息: | 北京 人民邮电出版社 2007.06 |
|
| 页数: | 350页 | |
| 开本: | 23cm | |
| 丛书名: | ||
| 单 册: | ||
| 中图分类: | TP311.13 | |
| 科图分类: | ||
| 主题词: | 数据库系统--shu ju ku xi tong | |
| 电子资源: | ||
| ISBN: | 978-7-115-15570-2 | |
| 000 | 01124nam0 2200265 450 | |
| 001 | 012007511380 | |
| 005 | 20071108081450.75 | |
| 010 | @a978-7-115-15570-2@b精装@dCNY65.00 | |
| 100 | @a20071107d2007 km y0chiy0120 ea | |
| 101 | 0 | @aeng |
| 102 | @aCN@b110000 | |
| 105 | @ay z 000yy | |
| 106 | @ar | |
| 200 | 1 | @a数据库重构@Ashu ju ku zhong gou@d= Refactoring databases evolutionary database design@e英文版@f(美) Scott W.Ambler, Pramod J.Sadalage著@F(mei)Scott W.Ambler,Pramod J.Sadalage zhu@zeng |
| 210 | @a北京@c人民邮电出版社@d2007.06 | |
| 215 | @a350页@d23cm | |
| 314 | @a责任者Ambler规范汉译姓:安布勒 ;责任者Sadalage规范汉译姓:塞得拉戈 | |
| 330 | @a本书展示了如何在不改变语义的情况下,对表结构、数据、存储过程及触发器等略作改动,就可以给数据库设计带来实质上的飞跃。 | |
| 510 | 1 | @aRefactoring databases evolutionary database design@zeng |
| 606 | 0 | @a数据库系统@Ashu ju ku xi tong |
| 690 | @aTP311.13@v4 | |
| 701 | 1 | @a安布勒@Aan bu le@g(Ambler, Scott W.),@f1966- @4著 |
| 701 | 1 | @a塞得拉戈@Asai de la ge@g(Sadalage, Pramod J.)@4著 |
| 801 | 0 | @aCN@b@c20071108 |
| 905 | @b265704-05@dTP311.13@eA486@f2 | |
| 数据库重构= Refactoring databases evolutionary database design:英文版/(美) Scott W.Ambler, Pramod J.Sadalage著.-北京:人民邮电出版社,2007.06 |
| 350页;23cm |
| ISBN 978-7-115-15570-2(精装):CNY65.00 |
| 本书展示了如何在不改变语义的情况下,对表结构、数据、存储过程及触发器等略作改动,就可以给数据库设计带来实质上的飞跃。 |
| ● |
| 相关链接 |
|
|
|
正题名:数据库重构
索取号:TP311.13/A486
 
预约/预借
| 序号 | 登录号 | 条形码 | 馆藏地/架位号 | 状态 | 备注 |
| 1 | 265704 | 202657044 | 期刊室512/301自科库 69排2列4层/ [索取号:TP311.13/A486] | 在馆 | |
| 2 | 265705 | 202657053 | 期刊室512/301自科库 69排2列4层/ [索取号:TP311.13/A486] | 在馆 |